A life cycle model of family labor supply

Enregistré dans:
Détails bibliographiques
Auteur principal: Heckman, James J.
Autres auteurs: Macurdy, Thomas
Format: Livre
Langue:anglais
Publié: México Colegio Nacional de Economistas 1980
Tags: Ajouter un tag
Pas de tags, Soyez le premier à ajouter un tag!

MARC

LEADER 00000nam a2200000 4500
001 c140213
005 20041019155318.2
041 0 |a eng 
044 |a MX 
245 1 0 |a A life cycle model of family labor supply  |c James J. Heckman, Thomas Macurdy 
264 1 |a México  |b Colegio Nacional de Economistas  |c 1980 
300 |a 55 s. 
100 1 |a Heckman, James J. 
700 1 |a Macurdy, Thomas